[Event "Pushchino autumn 2013"]
[Site "Pushchino"]
[Date "2013.11.24"]
[Round "1.5"]
[White "Tarasova, Viktoriya"]
[Black "Zherebtsova, Alexandra"]
[Result "1-0"]
[WhiteElo "2286"]
[BlackElo "2081"]
[PlyCount "80"]
[EventDate "2013.11.24"]

1. d4 f5 2. g3 Nf6 3. Bg2 g6 4. Nf3 Bg7 5. O-O O-O 6. c4 d6 7. Nc3 c6 8. b3 Qe8
9. Ba3 Na6 10. Rc1 h6 11. Qc2 Qf7 12. Rfe1 g5 13. e3 Bd7 14. Qe2 Rae8 15. Rcd1
Nh7 16. Bb2 g4 17. Nd2 Ng5 18. f4 Nh7 19. d5 e5 20. dxe6 Rxe6 21. Nf1 Rfe8 22.
Qc2 Nf6 23. Ne2 Ne4 24. Bxe4 fxe4 25. Bxg7 Qxg7 26. a3 Nc5 27. Nc1 b5 28. cxb5
cxb5 29. b4 Na4 30. Qb3 Qc3 31. Qxc3 Nxc3 32. Rd2 Kf7 33. Nb3 Rf6 34. Rc2 Na4
35. Rc7 Re7 36. Rxa7 Nb6 37. Ra5 d5 38. Kf2 Rd6 39. Ra7 Be6 40. Rxe7+ Kxe7 1-0

[Event "Pushchino autumn 2013"]
[Site "Pushchino"]
[Date "2013.11.24"]
[Round "1.6"]
[White "Dyakonova, Ekaterina"]
[Black "Schepetkova, Margarita"]
[Result "0-1"]
[WhiteElo "1928"]
[BlackElo "2252"]
[PlyCount "102"]
[EventDate "2013.11.24"]

1. e4 c6 2. Nc3 d5 3. Nf3 dxe4 4. Nxe4 Nf6 5. Qe2 Nxe4 6. Qxe4 Qd5 7. Qxd5 cxd5
8. d4 Bf5 9. c3 e6 10. Bf4 Nc6 11. Nh4 Bg4 12. h3 Bh5 13. Bd3 f6 14. Nf3 Kd7
15. g4 Bf7 16. O-O-O Re8 17. Rhe1 g5 18. Bg3 h5 19. c4 hxg4 20. cxd5 exd5 21.
Bf5+ Be6 22. Rxe6 Rxe6 23. Bxe6+ Kxe6 24. hxg4 Bb4 25. a3 Ba5 26. Kc2 Kd7 27.
Rd3 Bb6 28. b4 Re8 29. Re3 Nxd4+ 30. Nxd4 Bxd4 31. Rd3 Rc8+ 32. Kd2 Rc4 33. f4
gxf4 34. Bxf4 Ke6 35. Be3 Be5 36. g5 fxg5 37. Bxg5 Rg4 38. Be3 d4 39. Bf2 Kd5
40. Ke2 Kc4 41. Rf3 Re4+ 42. Kd2 Rf4 43. Rxf4 Bxf4+ 44. Kc2 a6 45. Be1 b5 46.
Bh4 d3+ 47. Kd1 Kb3 48. Be7 Kxa3 49. Bc5 Kb3 50. Be7 Kc4 51. Bf8 Be5 0-1

[Event "Pushchino autumn 2013"]
[Site "Pushchino"]
[Date "2013.11.24"]
[Round "1.7"]
[White "Mirzoeva, Elmira"]
[Black "Fomkina, Maria G"]
[Result "1-0"]
[WhiteElo "2248"]
[BlackElo "1906"]
[PlyCount "50"]
[EventDate "2013.11.24"]

1. d4 d5 2. c4 e6 3. Nf3 c5 4. cxd5 exd5 5. Nc3 cxd4 6. Nxd4 Nc6 7. g3 Bb4 8.
Nxc6 Bxc3+ 9. bxc3 bxc6 10. Qd4 f6 11. Ba3 Ne7 12. Qc5 Kf7 13. Bg2 Ba6 14. O-O
Re8 15. Rfe1 Qb6 16. Rab1 Qxc5 17. Bxc5 Ng6 18. e4 Bc4 19. a3 Kg8 20. exd5
Rxe1+ 21. Rxe1 cxd5 22. Rd1 Rd8 23. Bxa7 Ne5 24. f4 Nd3 25. Bd4 Ra8 1-0

[Event "Pushchino autumn 2013"]
[Site "Pushchino"]
[Date "2013.11.24"]
[Round "1.8"]
[White "Usacheva, Glafira"]
[Black "Belenkaya, Dina"]
[Result "0-1"]
[WhiteElo "1528"]
[BlackElo "2227"]
[PlyCount "54"]
[EventDate "2013.11.24"]

1. e4 c6 2. d4 d5 3. exd5 cxd5 4. Bd3 Nc6 5. c3 Qc7 6. Ne2 Bg4 7. f3 Bh5 8. Nf4
Nf6 9. Nxh5 Nxh5 10. O-O Nf4 11. Bxf4 Qxf4 12. Kh1 e6 13. Re1 Bd6 14. g3 Qf6
15. Nd2 h5 16. Qb3 O-O-O 17. a4 h4 18. g4 Bxh2 19. Be2 Bc7 20. Qc2 e5 21. dxe5
Nxe5 22. b4 Kb8 23. b5 Qf4 24. Nf1 Nxf3 25. Bxf3 Qxf3+ 26. Qg2 Qf4 27. a5 h3
0-1